Transakčné a transformačné vodcovstvo

Teoretické východiská transakčného a transformačného vodcovstva. Charakteristiky transakčného a transformačného vodcovstva.

Enregistré dans:
Détails bibliographiques
Auteur principal: Ljudvigová, Ivana
Format: Chapitre de livre
Langue:slovaque
Sujets:
Tags: Ajouter un tag
Pas de tags, Soyez le premier à ajouter un tag!

MARC

LEADER 00000nla a2200000 4500
001 0163049
005 20240502072827.7
041 0 |a slo 
044 |a SK 
245 1 0 |a Transakčné a transformačné vodcovstvo  |c Ivana Ljudvigová 
520 |a Teoretické východiská transakčného a transformačného vodcovstva. Charakteristiky transakčného a transformačného vodcovstva. 
610 2 0 |a vodcovstvo 
610 2 0 |a lídri 
610 2 0 |a manažéri 
610 2 0 |a vedenie ľudí 
610 2 0 |a vedenie podniku 
610 2 0 |a zamestnanci 
100 1 |a Ljudvigová, Ivana